000 01731cam a22004574i 4500
003 PE-LiUPU
005 20250731172943.0
008 150623s r 000 0 d
020 _a1565632680
035 _a(Sirsi) i9781565632684
040 _aPE-LiUPU
_bspa
_cPE-LiUPU
_erda
049 _aPRUA
082 0 4 _a232
_bM34
_221
100 1 _aMeadors, Edward P.,
_eautor.
245 1 0 _aJesus the messianic herald of salvation /
_cEdward P. Meadors.
264 1 _aMassachusetts :
_bHendrickson Publishers,
_c1997.
300 _a387 páginas ;
_c23 centímetros
336 _atext
_2rdacontent
337 _aunmediated
_2rdamedia
338 _avolume
_2rdacarrier
504 _aIncluye bibliografía.
505 0 _aThe study of Mark and Q. -The Q Community hypothesis. -Wisdom Christology in Q. -Jesus the prophet in Q. -Daniel and the conceptual background of Q. -The son of Man and the Q material. -The Kingdom of God in Q. -The Kingdom of God in Mark compared with Q. -Is Q from a second sphere of Christianity?.
526 _aSEG42
526 _aSEG41
526 _aSEG40
526 _aSEG39
526 _aP94
526 _aP87
526 _aP86
526 _aP85
526 _aP77
526 _aP76
526 _aP35
630 _aBiblia.
_pN.T.
_pMarcos
_xCrítica, interpretación, etc.
942 _2ddc
_cBOOK
949 _a232 M34
_wDEWEY
_c1
_i44683
_lCCODEBUL1
_mBUL
_r0
_sY
_tBOOK
_u2015-6-24
_xTEOLOGIA
_PP35
_0COMPRA
_o.STAFF. Colección General
994 _aC0
_bPEPRU
596 _a1
999 _a232 M34
_wDEWEY
_c21546
_i44683
_f2021-11-10
_g5
_lCCODEBUL1
_mBUL
_r0
_sY
_tBOOK
_u2015-6-24
_xTEOLOGIA
_PP35
_0COMPRA
_o.STAFF. Colección General
_d21546
980 _81
_gALBERTO SANCHEZ Responsable de Automatización